[Event "Cannes op"]
[Site "Cannes"]
[Date "2006.02.16"]
[Round "6"]
[White "Brkic, Ante"]
[Black "Ivanisevic, Ivan"]
[Result "1/2-1/2"]
[WhiteElo "2506"]
[BlackElo "2588"]
[PlyCount "145"]
[EventDate "2006.02.12"]
[EventType "swiss"]
[EventRounds "7"]
[EventCountry "FRA"]
[Source "ChessBase"]
[SourceDate "2006.03.10"]

1. e4 e5 2. Nf3 Nc6 3. Bb5 f5 4. Nc3 Nf6 5. exf5 Bc5 6. O-O O-O 7. Qe2 d6 8.
Bxc6 bxc6 9. Nxe5 Qe8 10. Nd3 Bb6 11. Qxe8 Rxe8 12. Nf4 Bxf5 13. d3 d5 14. Bd2
g5 15. Nfe2 h6 16. Rae1 c5 17. Ng3 Bg6 18. b3 c4 19. bxc4 dxc4 20. Nce4 Re6 21.
Nxf6+ Rxf6 22. Ne4 Rc6 23. Be3 Rd8 24. f4 cxd3 25. cxd3 Ba5 26. Rd1 Bh5 27. Rc1
Rxc1 28. Rxc1 Rxd3 29. Bxa7 Bg6 30. Nf2 Rd2 31. fxg5 hxg5 32. Be3 Rxa2 33. h3
Re2 34. Bxg5 Bb6 35. Bh4 Bd3 36. Rc3 Bb5 37. Bg3 c6 38. Rf3 Bd4 39. Rb3 Bc4 40.
Rb4 Rc2 41. h4 c5 42. Rb7 Bf7 43. Rd7 Ra2 44. Rd8+ Kg7 45. Rxd4 cxd4 46. Be5+
Kg6 47. Bxd4 Ra4 48. Be5 Rxh4 49. g4 Bd5 50. Bf4 Bf3 51. Be3 Rh8 52. Bf4 Rf8
53. Be3 Re8 54. Bf4 Re2 55. Kf1 Ra2 56. Kg1 Bxg4 57. Nxg4 Kf5 58. Be3 Kxg4 59.
Kh1 Kf3 60. Bb6 Ra6 61. Bg1 Rh6+ 62. Bh2 Rh7 63. Kg1 Rg7+ 64. Kh1 Rb7 65. Bg1
Kg3 66. Bh2+ Kh3 67. Bg1 Rb2 68. Bc5 Rh2+ 69. Kg1 Rc2 70. Bd4 Kg3 71. Be5+ Kf3
72. Bd6 Rc6 73. Be5 1/2-1/2

[Event "Amber-rapid 15th"]
[Site "Monte Carlo"]
[Date "2006.03.25"]
[Round "7"]
[White "Morozevich, Alexander"]
[Black "Aronian, Levon"]
[Result "1-0"]
[WhiteElo "2721"]
[BlackElo "2752"]
[PlyCount "144"]
[EventDate "2006.03.18"]
[EventType "tourn (rapid)"]
[EventRounds "11"]
[EventCountry "MNC"]
[EventCategory "19"]
[Source "ChessBase"]
[SourceDate "2006.05.09"]

1. e4 e5 2. Nf3 Nc6 3. Bb5 f5 4. Nc3 fxe4 5. Nxe4 Nf6 6. Qe2 d5 7. Nxf6+ gxf6
8. d4 Bg7 9. c4 Bg4 10. cxd5 Qxd5 11. dxe5 O-O-O 12. Bxc6 Qxc6 13. Be3 Qe4 14.
Rc1 Bxf3 15. Qxf3 Qb4+ 16. Kf1 fxe5 17. h3 Qxb2 18. Qg4+ Rd7 19. Kg1 h5 20. Qe6
Qb5 21. Kh2 Qd5 22. Qg6 Rg8 23. Qxh5 Bh6 24. Rhg1 Rdg7 25. Qf5+ Kb8 26. Qf3
Qxf3 27. gxf3 Rxg1 28. Rxg1 Rxg1 29. Kxg1 Bg7 30. h4 Kc8 31. h5 Kd7 32. Kg2 Ke6
33. Bxa7 b6 34. Kg3 Bf8 35. Kg4 Kf6 36. f4 exf4 37. Kxf4 Bc5 38. Bb8 Bd6+ 39.
Ke4 Kg5 40. Kd5 Kxh5 41. Kc6 Bc5 42. f3 Kg5 43. Bxc7 Ba3 44. Kxb6 Kf5 45. Kc6
Ke6 46. Bg3 Ke7 47. Bf2 Kd8 48. Bc5 Bb2 49. a4 Bc3 50. Bb6+ Kc8 51. a5 Kb8 52.
a6 Bd2 53. Kd5 Bf4 54. Ke4 Bd6 55. Bd4 Ka8 56. Be5 Be7 57. Bd4 Bd6 58. Kf5 Bc7
59. Be5 Ba5 60. Ke4 Ka7 61. f4 Kxa6 62. Kd5 Kb7 63. f5 Bd8 64. Ke6 Kc6 65. Bf6
Ba5 66. Bh4 Bc3 67. Bg3 Bg7 68. Be5 Bf8 69. f6 Bh6 70. f7 Bf8 71. Bf6 Bh6 72.
Be7 Bg7 1-0

[Event "Ditzingen op-A"]
[Site "Ditzingen"]
[Date "2006.05.27"]
[Round "6.1"]
[White "Haba, Petr"]
[Black "Inkiov, Ventzislav"]
[Result "1-0"]
[WhiteElo "2519"]
[BlackElo "2517"]
[PlyCount "73"]
[EventDate "2006.05.25"]
[EventType "swiss"]
[EventRounds "7"]
[EventCountry "GER"]
[Source "ChessBase"]
[SourceDate "2006.07.14"]

1. e4 e5 2. Nf3 Nc6 3. Bb5 f5 4. Nc3 fxe4 5. Nxe4 d5 6. Nxe5 dxe4 7. Nxc6 Qg5
8. Qe2 Nf6 9. f4 Qxf4 10. Ne5+ c6 11. d4 Qh4+ 12. g3 Qh3 13. Bc4 Be6 14. Bg5
O-O-O 15. O-O-O Bd6 16. Bxe6+ Qxe6 17. Qc4 Qxc4 18. Nxc4 Bc7 19. Rhf1 Rdf8 20.
Bxf6 Rxf6 21. Rxf6 gxf6 22. Ne3 h5 23. Nf5 Kd7 24. Rf1 Ke6 25. Kd2 h4 26. gxh4
Kd5 27. Ke3 c5 28. c4+ Kxc4 29. Rc1+ Kd5 30. Rxc5+ Ke6 31. Kxe4 Kd7 32. Rc2 Rg8
33. Kd5 Rg4 34. Rf2 Bb6 35. h5 Rg5 36. h6 Rh5 37. h4 1-0